000 00800nam a2200253 i 4500
001 bg
100 1 _aDobrodziej, Elżbieta.
245 1 0 _aNagrody jubileuszowe /
_cElżbieta Dobrodziej.
250 _aStan prawny na dzień 30 czerwca 2000 r.
260 _aBydgoszcz :
_bOficyna Wydawnicza Ośrodka Postępu Organizacyjnego,
_c2000 r.
300 _a87 s. ;
_c21 cm.
490 1 _aBiblioteka Menedżera i Służby Pracowniczej,
_vz. 174
650 9 _aNagrody jubileuszowe
_xprawo
_zPolska
_ystan na 2000 r.
830 0 _aBiblioteka Menedżera i Służby Pracowniczej
_vz. 174
020 _a8387636959
040 _cBPK
041 0 _apol
044 _aPOL
080 _a349.23/.24
080 _a331.2
920 _a83-87636-95-9
942 _cKS
008 130116s pl a f |000 0 pol
999 _c53831
_d53831
856 _uhttp://koha.tu.koszalin.pl/cgi-bin/koha/opac-detail.pl?biblionumber=53831
_yKatalog online BPK